세계의 국가 퀴즈! - Statistics

General Stats
  • This quiz has been taken 785 times
  • The average score is 109 of 197
Answers on the Map
Answers color-coded by a green-red scale on the quiz's map according to % correct below.
 
Answer Stats
Country % Correct
아메리카 합중국 공화국
93%
캐나다
92%
대한민국
90%
러시아 연방
89%
멕시코 합중국
89%
중화인민공화국
89%
조선민주주의인민공화국
88%
인도 공화국
87%
일본국
87%
브라질 연방 공화국
86%
몽골국
85%
그레이트브리튼 북아일랜드 연합 왕국
85%
오스트레일리아 연방
85%
프랑스 공화국
84%
아르헨티나 공화국
83%
독일 연방 공화국
82%
베트남 사회주의 공화국
82%
이집트 아람 공화국
82%
이탈리아 공화국
82%
타이 왕국
81%
사우디아라비아 왕국
80%
스페인 왕국
80%
스웨덴 왕국
79%
칠레 공화국
79%
남아프리카 공화국
78%
인도네시아 공화국
78%
필리핀 공화국
78%
덴마크 왕국
77%
타이완
77%
포르투갈 공화국
77%
노르웨이 왕국
76%
뉴질랜드
76%
스위스 연방
76%
아일랜드 공화국
76%
우크라이나
76%
이란 이슬람 공화국
76%
터키 공화국
76%
가나 공화국
74%
핀란드 공화국
74%
카자흐스탄 공화국
73%
폴란드 공화국
73%
그리스 공화국
72%
마다가스카르 공화국
72%
벨기에 왕국
72%
아이슬란드 공화국
72%
우루과이 동방 공화국
72%
콩고 공화국
71%
쿠바 공화국
71%
파키스탄 이슬람 공화국
71%
네팔 연방 민주 공화국
70%
말레이시아
70%
소말리아 연방 공화국
70%
수단 공화국
70%
이라크 공화국
70%
모로코 왕국
69%
콜롬비아 공화국
69%
네덜란드 왕국
68%
라오 인민 민주 공화국
68%
미얀마 연방 공화국
68%
부탄 왕국
68%
알제리 공화국
68%
체코 공화국
68%
방글라데시 인민 공화국
67%
스리랑카 민주 사회주의 공화국
67%
오스트리아 공화국
67%
이스라엘국
67%
캄보디아 왕국
67%
헝가리
66%
아프가니스탄 이슬람 공화국
65%
에티오피아 연방 민주 공화국
65%
오만 술탄국
65%
우즈베키스탄 공화국
65%
파나마 공화국
65%
페루 공화국
65%
기니 공화국
64%
남수단 공화국
64%
수리남 공화국
64%
예멘 공화국
64%
파라과이 공화국
64%
나이지리아 연방 공화국
63%
루마니아
63%
베네수엘라 볼리바르 공화국
63%
볼리비아 다민족국
63%
키르기스 공화국
62%
파푸아 뉴기니 독립국
62%
슬로바키아 공화국
60%
리비아
59%
벨라루스 공화국
59%
불가리아 공화국
59%
카타르국
59%
케냐 공화국
59%
크로아티아 공화국
59%
도미니카 연방
58%
룩셈부르크 대공국
58%
에콰도르 공화국
58%
슬로베니아 공화국
57%
시리아 공화국
57%
아랍 토후국 연방
57%
자메이카
57%
콩고 민주 공화국
57%
쿠웨이트국
57%
조지아
56%
싱가포르 공화국
55%
아이티 공화국
55%
온두라스 공화국
55%
아제르바이잔 공화국
54%
에스토니아 공화국
54%
탄자니아 연합 공화국
54%
튀니지 공화국
54%
과테말라 공화국
53%
리투아니아 공화국
53%
알바니아 공화국
53%
엘살바도르 공화국
53%
투르크메니스탄
53%
모나코 공국
51%
몰디브 공화국
51%
세르비아 공화국
51%
중앙아프리카 공화국
51%
코스타리카 공화국
51%
라트비아 공화국
50%
말리 공화국
50%
세네갈 공화국
50%
레바논 공화국
49%
요르단 하심 왕국
49%
적도 기니 공화국
49%
차드 공화국
49%
가봉 공화국
48%
가이아나 협동 공화국
48%
아르메니아 공화국
48%
앙골라 공화국
48%
몰타 공화국
47%
벨리즈
47%
북마케도니아 공화국
47%
피지 공화국
47%
니카라과 공화국
46%
도미니카 공화국
46%
우간다 공화국
46%
타지키스탄 공화국
46%
몰도바 공화국
45%
보스니아 헤르체고비나
45%
짐바브웨 공화국
45%
토고 공화국
45%
동티모르 민주 공화국
44%
바레인 왕국
44%
바티칸 시국
44%
잠비아 공화국
44%
코소보
44%
니제르 공화국
43%
카메룬 공화국
43%
코트 디 부아르 공화국
43%
바하마 연방
41%
키프로스 공화국
41%
팔레스타인국
41%
모리타니 공화국
40%
나미비아 공화국
39%
모리셔스 공화국
39%
통가 왕국
39%
모잠비크 공화국
36%
르완다 공화국
35%
몬테네그로
35%
세이셸 공화국
35%
미크로네시아 연방
34%
보츠와나 공화국
34%
팔라우 공화국
34%
감비아 공화국
33%
브루나이 다루살람국
32%
바베이도스
31%
솔로몬 제도
31%
말라위 공화국
30%
레소토 왕국
29%
시에라리온 공화국
29%
베냉 공화국
28%
키리바시 공화국
28%
투발루
28%
라이베리아 공화국
27%
안도라 공국
26%
에리트레아국
26%
지부티 공화국
26%
산마리노 공화국
25%
에스와티니 왕국
25%
기니비사우 공화국
24%
나우루 공화국
24%
마셜 제도 공화국
24%
트리니다드 토바고 공화국
24%
부룬디 공화국
23%
사모아 독립국
23%
세인트 루시아
22%
바누아투 공화국
21%
부르키나 파소
19%
코모로 연방
19%
그레나다
18%
리히텐슈타인 공국
16%
세인트 빈센트 그레나딘
16%
상투메 프린시페 민주 공화국
14%
카보베르데 공화국
14%
세인트키츠 네비스 연방
10%
앤티가 바부다
7%
No matching quizzes found
Score Distribution
Percent of People with Each Score
Percentile by Number Answered
Your Score History
You have not taken this quiz